[Event "AUT-chT2O 9697"]
[Site "Austria"]
[Date "1997.??.??"]
[Round "8"]
[White "Franzen, Josef"]
[Black "Lechtynsky, Jiri"]
[Result "1/2-1/2"]
[WhiteElo "2300"]
[BlackElo "2425"]

1.e4 c5 2.Nf3 d6 3.Bb5+ Bd7 4.Bxd7+ Nxd7 5.c4 Ne5 6.O-O Nxf3+ 7.Qxf3 e6 8.Nc3 Ne7
9.d3 Nc6 10.Be3 Be7 11.Rad1 Bf6 12.Rd2 O-O 13.Rc1 a6 14.Qg3 Qe7 15.Ne2 Rac8
16.d4 cxd4 17.Nxd4 b5 18.Nb3 bxc4 19.Rxc4 Ne5 20.Rxc8 Rxc8 21.Bd4 a5 22.Bc3 a4
23.Nd4 Nc4 24.Rd1 Qb7 25.b3 axb3 26.axb3 Ne5 27.Qe3  1/2-1/2

[Event "AUT-chT9697"]
[Site "Austria"]
[Date "1997.??.??"]
[Round "10"]
[White "Lendwai, Reinhard"]
[Black "Schumi, Manfred"]
[Result "1/2-1/2"]
[WhiteElo "2370"]
[BlackElo "2245"]

1.e4 c5 2.Nf3 d6 3.Bb5+ Nd7 4.O-O Nf6 5.Re1 a6 6.Bf1 g6 7.c3 Bg7 8.d4 O-O
9.Bg5 h6 10.Bh4 e5 11.dxe5 Nxe5 12.Nxe5 dxe5 13.Nd2 Qc7 14.Qc2 Be6 15.Bc4 Rfe8
16.Bxe6 Rxe6 17.Nc4 Qc6 18.f3 Nd7 19.Rad1 Bf6 20.Bf2 Kg7 21.Rd5 b5 22.Ne3 Rd6
23.Rxd6 Qxd6 24.Rd1 Qc6 25.Rd5 h5 26.Qd1 Rd8 27.h4 Qc7 28.b3 Nb6 29.Rxd8 Qxd8
30.Qxd8 Bxd8 31.c4 bxc4 32.bxc4 Na4 33.Be1 Kf6 34.Kf1 Ke6 35.Ke2 Nb2 36.g3 f5
37.Bc3 Na4 38.Bd2 Nb2 39.Bc1 Na4 40.Bd2 Nb2 41.Bc3 Na4 42.Ba1 Nb6 43.Kd3 Nd7
44.Nd5 Nf6 45.Bc3 Nd7 46.f4 Bf6 47.Ba5 Kd6 48.Ke3 Bg7 49.Bd8 exf4+ 50.gxf4 Bd4+
51.Kf3 fxe4+ 52.Kxe4 Bf2 53.f5 gxf5+ 54.Kxf5 Be1 55.a3 Bf2 56.a4 Be1 57.Bg5 Kc6
58.Bd8 Kd6 59.Nf6 Ne5 60.Ne4+ Kd7 61.Bf6 Nxc4 62.Nxc5+ Kc6 63.Nxa6 Nb6 64.Kg5 Nxa4  1/2-1/2

[Event "SCO-ch"]
[Site "Aviemore"]
[Date "1997.??.??"]
[Round "3"]
[White "Buchanan, Walter F"]
[Black "Campbell, Eoin"]
[Result "1/2-1/2"]
[WhiteElo "2160"]
[BlackElo "2050"]

1.e4 c5 2.Nf3 d6 3.Bb5+ Nd7 4.d4 Nf6 5.Nc3 cxd4 6.Qxd4 e5 7.Qd1 h6 8.O-O Be7
9.Qe2 O-O 10.Rd1 a6 11.Bc4 b5 12.Bd5 Nxd5 13.Nxd5 Bb7 14.b3 Bxd5 15.Rxd5 Nf6
16.Rd1 Qb6 17.Ba3 Rfe8 18.Nh4 b4 19.Bc1 Qc6 20.Nf5 Nxe4 21.Qg4 Bg5 22.Nxh6+ gxh6
23.h4 Qxc2 24.Bxg5 hxg5 25.f3 f5 26.Qh5 Qf2+ 27.Kh2 Qg3+ 28.Kg1 Qf2+ 29.Kh2 Qg3+  1/2-1/2

[Event "Avoine op"]
[Site "Avoine"]
[Date "1997.??.??"]
[Round "7"]
[White "Todorov, Todor"]
[Black "Karr, Jean Philipp"]
[Result "1-0"]
[WhiteElo "2375"]
[BlackElo "2320"]

1.e4 c5 2.Nf3 d6 3.Bb5+ Bd7 4.Bxd7+ Nxd7 5.O-O Ngf6 6.Re1 e6 7.b3 Be7 8.Bb2 O-O
9.c4 Re8 10.d4 cxd4 11.Nxd4 d5 12.e5 Ne4 13.cxd5 exd5 14.e6 Ndf6 15.exf7+ Kxf7
16.f3 Nc5 17.Nc3 Bf8 18.Rxe8 Qxe8 19.Qe2 Qd7 20.Rd1 Re8 21.Qd2 Bd6 22.Nde2 Be5
23.Nb1 Bc7 24.Bd4 Qd6 25.g3 Ncd7 26.Nbc3 Ne5 27.Kg2 a6 28.Nf4 Ba5 29.Qf2 Qc6
30.Qb2 Bc7 31.Nd3 Qe6 32.Nxe5+ Bxe5 33.Qd2 Qf5 34.Ne2 Rc8 35.Bxe5 Qxe5 36.Nd4 Qc7
37.h4 Qd7 38.Qf4 Kg8 39.g4 Qe7 40.Rd2 Qe1 41.Re2 Qa1 42.Nf5 Kh8 43.Nd6 Rf8
44.Nxb7 h6 45.Nd6 Nd7 46.Nf5 Qf6 47.h5 Nc5 48.Qe5 Qxe5 49.Rxe5 Nd3 50.Re7  1-0

[Event "Wch Seniors"]
[Site "Bad Wildbad"]
[Date "1997.??.??"]
[Round "11"]
[White "Ahlberg, Guenter"]
[Black "Dinser, Hans"]
[Result "1-0"]
[WhiteElo "2230"]
[BlackElo "2055"]

1.e4 c5 2.Nf3 d6 3.Bb5+ Bd7 4.a4 Nc6 5.c3 Nf6 6.Qe2 e5 7.O-O a6 8.Bc4 Bg4
9.d3 Be7 10.Nbd2 O-O 11.Rd1 d5 12.exd5 Nxd5 13.Nf1 Nf6 14.h3 Bxf3 15.Qxf3 Nd7
16.Ne3 Nb6 17.Bb3 Na5 18.Ba2 Bf6 19.Nf5 Kh8 20.Be3 Rc8 21.b4 cxb4 22.cxb4 Nc6
23.Bc5 Be7 24.Qg3 Bf6 25.Bxf8 Qxf8 26.b5 axb5 27.axb5 Nb4 28.Qe3 e4 29.Qxb6 Bxa1
30.Rxa1 Ra8 31.dxe4 Nc2 32.Rd1 g6 33.Qf6+  1-0

[Event "Bad Zwesten op"]
[Site "Bad Zwesten"]
[Date "1997.??.??"]
[Round "4"]
[White "Stillger, Bernhard"]
[Black "Wojtkiewicz, Aleksander"]
[Result "0-1"]
[WhiteElo "2315"]
[BlackElo "2565"]

1.e4 c5 2.Nf3 d6 3.Bb5+ Nd7 4.d4 Nf6 5.Nc3 a6 6.Bxd7+ Nxd7 7.Bg5 cxd4 8.Qxd4 f6
9.Be3 e6 10.O-O Qc7 11.Nd2 Ne5 12.f4 Nc6 13.Qb6 Qxb6 14.Bxb6 Bd7 15.Nc4 Rc8
16.Rad1 e5 17.f5 Nd4 18.Ne3 Rxc3 19.bxc3 Ne2+ 20.Kf2 Nxc3 21.Rd3 Nxe4+ 22.Kf3 Bc6
23.Nd5 Nc3 24.Rxc3 Bxd5+ 25.Kf2 Bc6 26.Re1 h5 27.h4 Kf7 28.Rd3 d5 29.c3 Be7
30.a4 Rc8 31.a5 Ke8 32.Rg3 Bf8 33.Rd3 Bd7 34.Rxd5 Rxc3 35.Red1 Bxf5 36.Rd8+ Kf7
37.Rb8 Rc2+ 38.Kf1 Be4 39.Rd7+ Ke6 40.Rxf8 Bxg2+ 41.Kg1 Kxd7 42.Rf7+ Ke6
43.Rxg7  0-1

[Event "Regionalliga NO9697"]
[Site "Bayern"]
[Date "1997.??.??"]
[Round "?"]
[White "Biro, Sandor"]
[Black "Vasicek, Martin"]
[Result "1-0"]
[WhiteElo "2345"]
[BlackElo "2125"]

1.e4 c5 2.Nf3 d6 3.Bb5+ Nc6 4.c3 e6 5.O-O Ne7 6.Re1 a6 7.Bf1 g6 8.Na3 Bg7
9.Nc2 O-O 10.d4 cxd4 11.Ncxd4 Nxd4 12.Nxd4 d5 13.e5 Nc6 14.Nf3 f6 15.exf6 Bxf6
16.Bh6 Re8 17.Qd2 e5 18.Rad1 e4 19.Qxd5+ Qxd5 20.Rxd5 Be6 21.Rd6 Bxa2 22.Rxf6 exf3
23.Rxe8+ Rxe8 24.Rxf3 Ne5 25.Re3 Kf7 26.Re4 Nc6 27.Rf4+ Kg8 28.f3 Ne5 29.Re4 Kf7
30.Kf2 Bb1 31.Rf4+ Kg8 32.Rd4 Kf7 33.Bg5 Bf5 34.g4 Be6 35.h3 Rc8 36.Rf4+ Ke8
37.Rd4 Rc5 38.Be3  1-0

[Event "Regionalliga SW9798"]
[Site "Bayern"]
[Date "1997.??.??"]
[Round "?"]
[White "Reiter, Marcus"]
[Black "Uhlmann, Helge"]
[Result "1-0"]
[WhiteElo "2090"]
[BlackElo "2110"]

1.e4 c5 2.Nf3 d6 3.Bb5+ Bd7 4.Bxd7+ Qxd7 5.b3 Nc6 6.O-O g6 7.Bb2 e5 8.d3 Bg7
9.Nbd2 Nge7 10.Nh4 O-O 11.Nc4 Rad8 12.Ne3 Nd4 13.c3 Ne6 14.c4 f5 15.Nd5 Nd4
16.Qd2 fxe4 17.dxe4 Nxd5 18.Bxd4 cxd4 19.exd5 e4 20.g3 e3 21.Qd3 exf2+ 22.Rxf2 Rxf2
23.Kxf2 Qg4 24.Re1 Rf8+ 25.Kg2 b6 26.Nf3 Qf5 27.Qxf5 Rxf5 28.Rd1 a5 29.Nxd4 Bxd4
30.Rxd4 Re5 31.Kf2 g5 32.Rd3 Kg7 33.g4 Re4 34.Re3 Rxg4 35.Re6 a4 36.Rxd6 Rh4
37.Kg3 a3 38.Rxb6 Rd4 39.Ra6 h5 40.Rxa3 Rd3+ 41.Kf2 Kf6 42.Ra8 g4 43.Re8 Rh3
44.Kg2 Rd3 45.Re2 h4 46.a4 Rxb3 47.d6 h3+ 48.Kf2 Rf3+ 49.Kg1 Rd3 50.c5 Kf5
51.a5 Kf4 52.Rf2+  1-0

[Event "Regionalliga SW9798"]
[Site "Bayern"]
[Date "1997.??.??"]
[Round "?"]
[White "Englert, Jan"]
[Black "Pruefer, Stefan"]
[Result "1/2-1/2"]
[WhiteElo "1910"]
[BlackElo "1640"]

1.e4 c5 2.Nf3 d6 3.Bb5+ Bd7 4.Bxd7+ Qxd7 5.d3 Nc6 6.O-O g6 7.c3 Nf6 8.Re1 Bg7
9.Bg5 O-O 10.Nbd2 h6 11.Be3 Ng4 12.Nf1 Nxe3 13.Nxe3 b5 14.Qd2 Rab8 15.d4 cxd4
16.cxd4 Rfc8 17.h3 Kh7 18.Ng4 h5 19.Ngh2 a5 20.Rac1 Qa7 21.e5 Bh6 22.Ng5+ Bxg5
23.Qxg5 Nxd4 24.Rxc8 Rxc8 25.exd6 exd6 26.Re7 Rc7 27.Re8 Nf5 28.Qf6 Ng7 29.Rf8 Rc1+
30.Nf1 Rc7 31.Qd8 Ne6 32.Rh8+ Kg7 33.Rg8+ Kh7 34.Rh8+ Kg7 35.Rg8+ Kh7  1/2-1/2

[Event "Regionalliga SW9697"]
[Site "Bayern"]
[Date "1997.??.??"]
[Round "?"]
[White "Wunderlich, Hans Dieter"]
[Black "Klinger, Thomas"]
[Result "1-0"]
[WhiteElo "2045"]
[BlackElo "2005"]

1.e4 c5 2.Nf3 d6 3.Bb5+ Bd7 4.Bxd7+ Qxd7 5.c4 Nc6 6.Nc3 g6 7.d4 cxd4 8.Nxd4 Bg7
9.Be3 Nf6 10.f3 Rc8 11.b3 O-O 12.O-O Qd8 13.Qd2 Qa5 14.Rfd1 Nd7 15.Rac1 Qh5
16.Nd5 Rfe8 17.Ne2 e6 18.Ndf4 Qh4 19.Nc3 Red8 20.Nfe2 h6 21.Nb5 Nde5 22.Nxa7 Nxa7
23.Bxa7 Rc6 24.Bf2 Qe7 25.Nc3 g5 26.Nb5 Ng6 27.Bg3 Be5 28.Bxe5 Nxe5 29.Qd4 Ng6
30.g3 Ne5 31.Kg2 Qf6 32.Qe3 Kh7 33.Rc2 d5 34.Rcd2 g4 35.Nd4 gxf3+ 36.Nxf3 Ng4
37.Qd3 Ne5 38.Nxe5 Qxe5 39.exd5+ f5 40.Re2 Qg7 41.Rde1 Qf6 42.Re5 exd5 43.cxd5 Kg6
44.g4  1-0

[Event "BEL-chT9697"]
[Site "BEL"]
[Date "1997.??.??"]
[Round "1"]
[White "Van Houtte, Thierry"]
[Black "Lacroix, Bruno"]
[Result "1/2-1/2"]
[WhiteElo "2215"]
[BlackElo "2245"]

1.e4 c5 2.Nf3 d6 3.Bb5+ Nd7 4.d4 cxd4 5.Qxd4 Nf6 6.Nc3 e6 7.Bg5 Be7 8.O-O O-O
9.Bxd7 Bxd7 10.e5 dxe5 11.Nxe5 h6 12.Nxd7 Nxd7 13.Bxe7  1/2-1/2

[Event "BEL-chT9697"]
[Site "BEL"]
[Date "1997.??.??"]
[Round "8"]
[White "Lacroix, Bruno"]
[Black "Van Mechelen, Jan"]
[Result "1-0"]
[WhiteElo "2245"]
[BlackElo "2300"]

1.e4 c5 2.Nf3 d6 3.Bb5+ Nd7 4.d4 Nf6 5.e5 Qa5+ 6.Nc3 Ne4 7.Bd2 Nxd2 8.Qxd2 a6
9.Bxd7+ Bxd7 10.exd6 O-O-O 11.dxe7 Bxe7 12.d5 Be6 13.O-O Bf6 14.d6 Qb4 15.a3 Qc4
16.Rad1 Bxc3 17.bxc3 f6 18.Qe3 Bd5 19.Nd2 Qb5 20.c4 Bxc4 21.a4  1-0

[Event "BEL-chT9697"]
[Site "BEL"]
[Date "1997.??.??"]
[Round "10"]
[White "Lacroix, Bruno"]
[Black "Roeder, Mathias"]
[Result "0-1"]
[WhiteElo "2245"]
[BlackElo "2435"]

1.e4 c5 2.Nf3 d6 3.Bb5+ Bd7 4.Bxd7+ Qxd7 5.O-O Nc6 6.Re1 Nf6 7.c3 e6 8.d3 Be7
9.Nbd2 Qc7 10.Qe2 a6 11.Nc4 b5 12.Nxd6+ Qxd6 13.e5 Qd5 14.exf6 Bxf6 15.Bf4 O-O
16.Ne5 Bxe5 17.Bxe5 Rfd8 18.Bf4 Qxd3 19.Qg4 Qc2 20.Qf3 Rd5 21.Rad1 Qf5 22.g4 Qf6
23.Rxd5 exd5 24.Qxd5 Qxf4 25.Qxc6 Qxg4+ 26.Kh1 Qc8 27.Qd5 Ra7 28.Rd1 g6 29.Qe5 Qc6+
30.Kg1 Ra8 31.Rd6 Qf3 32.Qe7 c4 33.Qe5 h5 34.Qe7 Qf5 35.h4 a5 36.Rd2 Qg4+
37.Kf1 Rf8 38.Rd8 Rxd8 39.Qxd8+ Kg7 40.Qxa5 Qxh4 41.Qxb5 Qh1+ 42.Ke2 Qe4+
43.Kf1 h4 44.Qd7 Qd3+  0-1

[Event "BEL-chT9697"]
[Site "BEL"]
[Date "1997.??.??"]
[Round "10"]
[White "Micic, Snezana"]
[Black "Riemens, Albert"]
[Result "1/2-1/2"]
[WhiteElo "2155"]
[BlackElo "2180"]

1.e4 c5 2.Nf3 d6 3.Bb5+ Bd7 4.Bxd7+ Nxd7 5.c4 Ngf6 6.Nc3 g6 7.O-O Bg7 8.d4 cxd4
9.Nxd4 O-O 10.Be3 Ne5 11.b3 Qa5 12.Nd5 Nxd5 13.exd5 a6 14.Re1 Rfe8 15.Re2 Ng4
16.Bd2 Qc5 17.Bc3 b5 18.Rc2 Nf6 19.Nc6 bxc4 20.bxc4 Nd7 21.Bb4 Qb6 22.Rb1 Qc7
23.Ba5 Qc8 24.f4 Nc5 25.Re2 Bf6 26.Qc2 Qg4 27.g3 h5 28.Qd1 Qf3 29.Rf2 Qe3
30.Qf3 Bd4 31.Nxd4 Qxd4 32.Qc3 Qxc3 33.Bxc3 Ne4 34.Rc2 Nxc3 35.Rxc3 Ra7 36.c5 dxc5
37.Rxc5 Rd8 38.Rb6 Rad7 39.Rxa6 Rxd5 40.Rxd5 Rxd5 41.Ra7 e6 42.a4 Rd2 43.Rb7 Ra2
44.Rb4 Kg7 45.h3 Kf6 46.g4 hxg4 47.hxg4 g5 48.Kf1 Kg6 49.Ke1 gxf4 50.Rxf4 f5
51.gxf5+ exf5 52.Rb4 Kg5 53.Kf1 f4 54.Rb5+ Kg4 55.a5 Kg3 56.Rg5+ Kf3 57.Ke1 Re2+
58.Kf1 Re6 59.Rb5 Rc6 60.Rb3+ Kg4 61.Rb2 Kf3  1/2-1/2

[Event "Belfort"]
[Site "Belfort"]
[Date "1997.??.??"]
[Round "8"]
[White "Marciano, David"]
[Black "Relange, Eloi"]
[Result "1/2-1/2"]
[WhiteElo "2470"]
[BlackElo "2505"]

1.e4 c5 2.Nf3 d6 3.Bb5+ Bd7 4.Bxd7+ Nxd7 5.O-O Ngf6 6.Qe2 e6 7.b3 Be7 8.Bb2 O-O
9.c4 a6 10.d4 cxd4 11.Nxd4 Qa5 12.Nc3 Rfc8 13.Rad1 Ne8 14.Kh1 Bf6 15.f4 b5
16.cxb5 Bxd4 17.Rxd4 axb5 18.Nxb5 Qxa2 19.Nxd6 Nxd6 20.Rxd6 Nc5 21.Rd2 Qxb3
22.Qg4 g6 23.Qg5 Nxe4 24.Qe5 Nc3 25.h4 Qb5 26.Qxb5 Nxb5 27.Rd7 Rd8 28.Rfd1 Rxd7
29.Rxd7 h5 30.Kh2 Rc8 31.Kh3 Nc7 32.g3 Nd5 33.Be5 Kf8 34.Rb7 Ne3 35.Bd4 Ng4
36.Kg2 Rd8 37.Bc5+ Kg8 38.Rb3 Rc8 39.Bd4 Rd8 40.Rb4 f6 41.Kf3 e5 42.fxe5 fxe5
43.Bc5 Rd5 44.Rb8+ Kf7 45.Rb7+ Ke6 46.Re7+ Kf6 47.Rc7 Rd1 48.Ke4 Re1+ 49.Kf3 e4+
50.Kf4 e3 51.Rc6+ Kf7 52.Rc7+ Ke6 53.Kg5 Ne5 54.Kf4 Ng4 55.Kg5 Ne5  1/2-1/2

[Event "Bello Horizonte Centenario op"]
[Site "Bello Horizonte"]
[Date "1997.??.??"]
[Round "2"]
[White "Santos Nt, Francisco"]
[Black "Miranda, Marcio MC"]
[Result "1/2-1/2"]
[WhiteElo "2175"]
[BlackElo "2305"]

1.e4 c5 2.Nf3 d6 3.Bb5+ Nd7 4.O-O Nf6 5.d3 e6 6.Nbd2 Be7 7.Nc4 O-O 8.a4 d5
9.Bxd7 Nxd7 10.Ne3 dxe4 11.dxe4 b6 12.Re1 Ba6 13.Nf1 Qc7 14.Bg5 Bxg5 15.Nxg5 h6
16.Nh3 Rfd8 17.Ng3 Nf6 18.Qc1 Qe5 19.c3 Bc4 20.f4 Qc7 21.Nf2 e5 22.Nf5 exf4
23.e5 Nd5 24.b3 Ba6 25.c4 Ne3 26.Nxe3 fxe3 27.Qxe3 Bb7 28.Rad1 Rxd1 29.Rxd1 Re8
30.Re1 Re6 31.Nd3 f6  1/2-1/2

[Event "Berliner Sommer"]
[Site "Berlin"]
[Date "1997.??.??"]
[Round "2"]
[White "Stillger, Bernhard"]
[Black "Baklan, Vladimir"]
[Result "0-1"]
[WhiteElo "2310"]
[BlackElo "2570"]

1.e4 c5 2.Nf3 d6 3.Bb5+ Bd7 4.Bxd7+ Nxd7 5.O-O Ngf6 6.Qe2 g6 7.c3 Bg7 8.d4 Qb6
9.Re1 O-O 10.Na3 cxd4 11.cxd4 d5 12.e5 Ne4 13.Be3 f6 14.exf6 exf6 15.Qb5 Qxb5
16.Nxb5 Nb6 17.Rac1 a6 18.Nc7 Rac8 19.Ne6 Rfe8 20.Nxg7 Kxg7 21.Rxc8 Rxc8
22.Rc1 Rc4 23.Ne1 Nd7 24.Nd3 g5 25.g4 Nb8 26.f3 Nd6 27.b3 Rxc1+ 28.Nxc1 Nc6
29.a4 b5 30.Nd3 bxa4 31.bxa4 Nc4 32.Kf2 Kf7 33.f4 gxf4 34.Nxf4 Nb4 35.Ke2 Nb2
36.Bd2 Nc6 37.Nxd5 Nxd4+ 38.Ke3 Nc2+ 39.Ke4 Nxa4 40.Kd3 Na3 41.Nc7 Nc5+ 42.Ke2 Nb5
43.Nd5 Ne4 44.Bb4 Ke6 45.Nf4+ Ke5 46.Ke3 Ned6 47.Nd3+ Kd5 48.Nf4+ Kc4 49.Bd2 Kb3
50.Be1 Na3 51.Bh4 Nac4+ 52.Kd3 Ne5+ 53.Ke2 Nxg4 54.h3 Nf5 55.Be1 Ne5 56.Nd5 Nd4+
57.Kd1 f5 58.Nc7 Kc4 59.Nxa6 Kd3 60.Nc7 Nc4 61.Bf2 Ne3+ 62.Ke1 Nf3+  0-1

[Event "Berliner Sommer"]
[Site "Berlin"]
[Date "1997.??.??"]
[Round "6"]
[White "Rashkovsky, Nukhim N"]
[Black "Loginov, Valery A"]
[Result "1/2-1/2"]
[WhiteElo "2510"]
[BlackElo "2550"]

1.e4 c5 2.Nf3 d6 3.Bb5+ Bd7 4.Bxd7+ Qxd7 5.O-O e6 6.d4 cxd4 7.Nxd4 Nf6 8.Nc3 Nc6
9.h3 Be7 10.Re1 O-O  1/2-1/2

[Event "Mermaid Beach Club"]
[Site "Bermuda"]
[Date "1997.??.??"]
[Round "6"]
[White "Shaked, Tal"]
[Black "Ashley, Maurice"]
[Result "1-0"]
[WhiteElo "2445"]
[BlackElo "2465"]

1.e4 c5 2.Nf3 d6 3.Bb5+ Nd7 4.d4 Nf6 5.Nc3 cxd4 6.Qxd4 e5 7.Qd3 h6 8.Be3 Be7
9.O-O O-O 10.Bc4 Nb6 11.Bb3 Be6 12.Nh4 Rc8 13.Ng6 Re8 14.Nxe7+ Rxe7 15.Rfd1 Rd7
16.Nd5 Nbxd5 17.exd5 Bg4 18.Rdc1 a6 19.c4 Bh5 20.Ba4 Bg6 21.Qb3 Rdc7 22.Bb6 Nxd5
23.Bxc7 Nxc7 24.Qxb7 Rb8 25.Qf3 Rxb2 26.Qc3 Re2 27.Bd1 Re4 28.Bc2 Rf4 29.Bxg6 fxg6
30.c5 Nd5 31.Qb3 dxc5 32.Rxc5 Rd4 33.Rd1  1-0

[Event "Mermaid Beach Club"]
[Site "Bermuda"]
[Date "1997.??.??"]
[Round "11"]
[White "Shaked, Tal"]
[Black "De Firmian, Nick E"]
[Result "0-1"]
[WhiteElo "2445"]
[BlackElo "2575"]

1.e4 c5 2.Nf3 d6 3.Bb5+ Bd7 4.Bxd7+ Nxd7 5.O-O Ngf6 6.Qe2 e6 7.c3 Be7 8.d4 cxd4
9.cxd4 d5 10.e5 Ne4 11.Ne1 Qb6 12.Be3 f6 13.f3 Ng5 14.Nd3 O-O 15.Nc3 Qa6
16.Rae1 Rae8 17.Bf2 fxe5 18.dxe5 Nf7 19.f4 Nh6 20.Rc1 Rc8 21.Rc2 Rc6 22.Rfc1 Qa5
23.a3 a6 24.Na2 Qb5 25.Nab4 Rc4 26.g3 a5 27.Na2 Qb3 28.Nc3 Rfc8 29.Ne1 Nc5
30.Nd1 b5 31.Ne3 Ne4 32.Nxc4 bxc4 33.Qf3 a4 34.Qxb3 axb3 35.Re2 c3 36.Re3 Ng4
37.Rxe4 dxe4 38.bxc3 e3 39.Bxe3 Nxe3  0-1

[Event "Mermaid Beach Club"]
[Site "Bermuda"]
[Date "1997.??.??"]
[Round "11"]
[White "Maiwald, Jens Uwe"]
[Black "Hjartarson, Johann"]
[Result "0-1"]
[WhiteElo "2495"]
[BlackElo "2585"]

1.e4 c5 2.Nf3 d6 3.Bb5+ Nd7 4.d4 Nf6 5.Nc3 cxd4 6.Qxd4 e5 7.Qd3 h6 8.O-O Be7
9.Bc4 O-O 10.Rd1 a6 11.a4 Nb6 12.Ba2 Be6 13.Bxe6 fxe6 14.a5 Nbd7 15.Qc4 Kf7
16.Be3 Qc8 17.Qb3 Ng4 18.Bb6 Qc6 19.Ra4 Nxb6 20.axb6 Rac8 21.Nd2 Qc5 22.Rf1 Rc6
23.Rc4 Qxb6 24.Rb4 Qc5 25.Rxb7 Rfc8 26.Rb4 Bd8 27.Qa4 Qa7 28.Qb3 Be7 29.h3 Nf6
30.Ra1 Nh5 31.Nc4 Nf4 32.Ra5 Qc7 33.Rb7 Qd8 34.Ra4 R6c7 35.Kh2 Rxb7 36.Qxb7 Qc7
37.Qxa6 Rb8 38.Nb5 Qc5 39.Nbxd6+ Kg8 40.Kg1 Rf8  0-1

[Event "Biel op MTO"]
[Site "Biel"]
[Date "1997.??.??"]
[Round "3"]
[White "Sedina, Elena"]
[Black "Haist, Wolfgang"]
[Result "0-1"]
[WhiteElo "2400"]
[BlackElo "2245"]

1.e4 c5 2.Nf3 d6 3.Bb5+ Nc6 4.O-O Bg4 5.h3 Bh5 6.c3 Qb6 7.Be2 Nf6 8.d3 e6
9.Nbd2 Be7 10.Nc4 Qd8 11.Bf4 O-O 12.Ne3 d5 13.e5 Nd7 14.Ng4 Bxg4 15.hxg4 f6
16.exf6 Nxf6 17.Ne5 Nxe5 18.Bxe5 Nd7 19.Bg3 Bh4 20.Bd6 Be7 21.Bh2 Qb6 22.Qb3 Bd6
23.f4 Qc7 24.Rae1 Nb6 25.Bf3 Rae8 26.a4 a5 27.Qb5 Rf7 28.Qxa5 Bxf4 29.Bxf4 Rxf4
30.b3 e5 31.Qb5 e4 32.dxe4 dxe4 33.Qe2 c4 34.a5 Qc5+ 35.Qf2 Qxa5 36.b4 Qb5
37.Qd2 Nd5 38.Bd1 Qb6+ 39.Kh1 Qh6+  0-1

[Event "Bled op18th"]
[Site "Bled"]
[Date "1997.??.??"]
[Round "5"]
[White "Gheng, Josef"]
[Black "Bukic, Enver"]
[Result "1-0"]
[WhiteElo "2295"]
[BlackElo "2435"]

1.e4 c5 2.Nf3 d6 3.Bb5+ Bd7 4.Bxd7+ Nxd7 5.O-O Ngf6 6.Re1 e6 7.b3 Be7 8.Bb2 O-O
9.c4 a6 10.d4 cxd4 11.Nxd4 Re8 12.Nc3 Bf8 13.Re3 Rc8 14.Kh1 g6 15.f4 e5 16.fxe5 Nxe5
17.Rg3 Bg7 18.Qd2 Neg4 19.Qe2 h5 20.Rf1 Qe7 21.Qf3 Rf8 22.h3 Ne5 23.Qe2 h4
24.Rg5 Nh7 25.Rxe5 Bxe5 26.Nd5 Qd8 27.Qg4 Kh8 28.Qe2 Rc5 29.Nf3 Bxb2 30.Qxb2+ Kg8
31.Nh2 f5 32.exf5 gxf5 33.Qe2 b5 34.Ne7+ Kg7 35.Qb2+ Re5 36.Nc6 Qe8 37.Nxe5 Qxe5
38.Qf2 bxc4 39.bxc4 Qg3 40.Qd4+ Nf6 41.Rxf5 Qe1+ 42.Rf1 Qe4 43.Qxd6 Qxc4
44.Qe5 Qe4 45.Qg5+ Qg6 46.Qxh4 Ne4 47.Qe7+  1-0

[Event "Clarin GP1 Boca Juniors"]
[Site "Boca"]
[Date "1997.??.??"]
[Round "2"]
[White "German, Gustavo"]
[Black "Rodriguez, Jorge Luis"]
[Result "1/2-1/2"]
[WhiteElo "2500"]
[BlackElo "2405"]

1.e4 c5 2.Nf3 d6 3.Bb5+ Bd7 4.Bxd7+ Nxd7 5.O-O Ngf6 6.Qe2 e6 7.c4 Ne5 8.Ne1 Nc6
9.Nc2 Be7 10.d3 O-O 11.f4 Nd7 12.Nd2 a6 13.Nf3 Qc7 14.Be3 Bf6 15.Rab1 b5
16.a3 Rab8 17.cxb5 Rxb5 18.d4 Qb7 19.e5 Be7 20.exd6 Bxd6 21.dxc5 Bxc5 22.Nfd4 Rxb2
23.Rxb2 Qxb2 24.Nxc6 Bxe3+ 25.Qxe3 Qxc2 26.Rc1 Qa4 27.f5 exf5 28.Ne7+ Kh8
29.Nxf5 Qb5 30.Nd6 Qb2 31.Rd1 Kg8 32.Nf5 Nf6 33.Qg3 g6 34.Ne7+ Kh8 35.Qd6 Kg7
36.Qxa6 Qe5 37.Qa7 Rd8 38.Rf1 Rd7 39.Nc6 Qe4 40.Qc5 Rc7 41.Rc1 Ng4 42.Qc3+ Kh6  1/2-1/2

[Event "Bratto op"]
[Site "Bratto"]
[Date "1997.??.??"]
[Round "3"]
[White "Klinova, Masha"]
[Black "Grosar, Aljosa"]
[Result "1/2-1/2"]
[WhiteElo "2340"]
[BlackElo "2495"]

1.e4 c5 2.Nf3 d6 3.Bb5+ Nd7 4.O-O Nf6 5.Re1 a6 6.Bf1 Ne5 7.c3 Bg4 8.Be2 Qb6
9.Na3 e6 10.Qa4+ Nc6 11.e5 Bxf3 12.Bxf3 Nd7 13.exd6 Bxd6 14.Nc4 Qc7 15.Nxd6+ Qxd6
16.Bxc6 Qxc6 17.Qxc6 bxc6 18.d3 Rd8 19.Bf4 Nf6 20.Be3 Rxd3 21.Bxc5 Kd7 22.Rad1 Rxd1
23.Rxd1+ Kc8 24.Kf1 Rd8 25.Rxd8+ Kxd8 26.Bd4 Ne8 27.Ke2 f6 28.Kd3 Kd7 29.a4 Nd6
30.Bc5 Nb7 31.Bf8 g6 32.b4 e5 33.Bh6 Nd8 34.Be3 Ne6 35.c4 f5 36.f3 Kd6 37.b5 axb5
38.cxb5 cxb5 39.axb5 Kd5 40.b6 Nd8 41.Kc3 Nb7 42.Kb4 Kc6 43.Bf2 Nd6 44.Ka5 e4
45.Ka6 Nb7 46.Be3 Nd6 47.Bf4 Nb7 48.Be3  1/2-1/2

[Event "Bratto op"]
[Site "Bratto"]
[Date "1997.??.??"]
[Round "6"]
[White "Grosar, Aljosa"]
[Black "Ortega, Lexy"]
[Result "1/2-1/2"]
[WhiteElo "2495"]
[BlackElo "2460"]

1.e4 c5 2.Nf3 d6 3.Bb5+ Nd7 4.O-O Nf6 5.Re1 a6 6.Bf1 b6 7.d4 cxd4 8.Nxd4 Bb7
9.f3 g6 10.c4 Bg7 11.Nc3 O-O 12.Be3 Rc8 13.Qd2 Ne5 14.b3 e6 15.Rac1 Qc7 16.Red1 Rfd8
17.Bg5 Qb8 18.Qf4 Ned7 19.Nde2 Rc6 20.Qh4 Re8 21.Rd2 b5 22.cxb5 axb5 23.Nd4 Rxc3
24.Rxc3 b4 25.Rc1 d5 26.Nc6 Bxc6 27.Rxc6 dxe4 28.fxe4 Ne5 29.Rcd6 Nfg4 30.Rd8 Qa7+
31.Kh1 Rxd8 32.Rxd8+ Bf8 33.Bh6 Nxh6 34.Qxh6 Qe7 35.Rc8 g5 36.h3 Ng6 37.Qh5 Qf6
38.Qf3 Qxf3 39.gxf3 Kg7 40.Rc2 Kf6 41.Kg2 Bd6 42.Kf2 h5 43.Rc6 Ke5 44.Ke3 h4
45.Rc8 Nf4 46.Rc6 Ng6 47.Rc4 Nf4 48.Rc8 Ng6 49.Rc6 Nf4  1/2-1/2

[Event "Ciocaltea mem"]
[Site "Bucharest"]
[Date "1997.??.??"]
[Round "2"]
[White "Iordachescu, Viorel"]
[Black "Solak, Dragan"]
[Result "1-0"]
[WhiteElo "2485"]
[BlackElo "2355"]

1.e4 c5 2.Nf3 d6 3.Bb5+ Nd7 4.O-O Nf6 5.Re1 a6 6.Bf1 b6 7.d4 cxd4 8.Nxd4 Bb7
9.c4 e6 10.Nc3 Be7 11.f3 O-O 12.Be3 Qc7 13.Rc1 Rac8 14.Qd2 Qb8 15.Kh1 Bd8
16.Bg1 Kh8 17.b4 Rg8 18.Nb3 Bc7 19.Qb2 g5 20.Na4 Rg6 21.c5 dxc5 22.bxc5 Rh6
23.h3 Bf4 24.Nxb6 Nxb6 25.cxb6 Bxc1 26.Rxc1 Rxc1 27.Qxc1 Bxe4 28.fxe4 Nxe4
29.Bd4+ e5 30.Qc7 Qxc7 31.bxc7 Rc6 32.Bxe5+ f6 33.Bxa6  1-0

[Event "Budapest FS12 IM-A"]
[Site "Budapest"]
[Date "1997.??.??"]
[Round "2"]
[White "Zalkind, Karmi"]
[Black "Azahari, Md Nor"]
[Result "1-0"]
[WhiteElo "2315"]
[BlackElo "2110"]

1.e4 c5 2.Nf3 d6 3.Bb5+ Nc6 4.O-O a6 5.Bxc6+ bxc6 6.e5 d5 7.h3 Bf5 8.d3 e6
9.Re1 Be7 10.c4 h5 11.Qd2 g5 12.Nxg5 Bxg5 13.Qxg5 Qxg5 14.Bxg5 Bxd3 15.Nd2 Rb8
16.b3 Ne7 17.Be3 d4 18.Bg5 Rg8 19.h4 Ng6 20.Ne4 Bxe4 21.Rxe4 Nf8 22.f3 Nh7
23.Bd2 Kd7 24.Rb1 f5 25.exf6 Nxf6 26.Re5 Kd6 27.Bf4 Nd7 28.Rd5+ Ke7 29.Bg5+ Ke8
30.Rd6 e5 31.Rxc6 Rb6 32.Rxb6 Nxb6 33.Re1 Nd7 34.Bf4 Kf7 35.Bxe5 Re8 36.Bg3 Rxe1+
37.Bxe1 Ke6 38.Kf2 Kf5 39.Ba5 Ne5 40.Ke2 Ke6 41.Bc7 Ng6 42.g3 Kd7 43.Bb8 Kc6
44.Kd3 Kb7 45.Bf4 Kc6 46.Ke4 Ne7 47.g4  1-0

[Event "Budapest FS04 IM"]
[Site "Budapest"]
[Date "1997.??.??"]
[Round "3"]
[White "Gudat, Alfons"]
[Black "Farago, Sandor"]
[Result "0-1"]
[WhiteElo "2115"]
[BlackElo "2250"]

1.e4 c5 2.Nf3 d6 3.Bb5+ Nd7 4.O-O a6 5.Bxd7+ Bxd7 6.Re1 e6 7.c3 Ne7 8.d4 cxd4
9.cxd4 Ng6 10.Nc3 Be7 11.Qb3 b5 12.Be3 O-O 13.Rac1 Rb8 14.a3 a5 15.Ne2 b4
16.a4 Qe8 17.Ra1 Rc8 18.Rec1 Rxc1+ 19.Nxc1 Qa8 20.Qd3 Bc6 21.Nd2 f5 22.f3 fxe4
23.fxe4 Nf4 24.Bxf4 Rxf4 25.Ne2 Rf7 26.b3 Bg5 27.Ng3 Bf4 28.Re1 g6 29.Ngf1 Qa7
30.Qc4 Bb7 31.Kh1 d5 32.Qd3 Ba6 33.Qh3 Qxd4 34.Nf3 Qf2  0-1

[Event "Budapest FS12 GM"]
[Site "Budapest"]
[Date "1997.??.??"]
[Round "7"]
[White "Barczay, Laszlo"]
[Black "Tate, Emory"]
[Result "1-0"]
[WhiteElo "2395"]
[BlackElo "2405"]

1.e4 c5 2.Nf3 d6 3.Bb5+ Nd7 4.O-O Nf6 5.Re1 g6 6.c3 Bg7 7.d4 O-O 8.h3 a6
9.Bf1 d5 10.exd5 Nxd5 11.c4 Nc7 12.d5 b5 13.Nc3 bxc4 14.d6 exd6 15.Qxd6 Nb5
16.Qd5 Nxc3 17.Qxa8 Qb6 18.Nd2 Bb7 19.Nxc4 Qc6 20.Na5 Rxa8 21.Nxc6 Bxc6 22.bxc3 Bxc3
23.Bh6 Bb5 24.a4 Bxf1 25.Kxf1 Bxa1 26.Rxa1 f6 27.Rd1 Ne5 28.Be3 c4 29.Rd6 c3
30.Ke2 Rb8 31.Bc1 Rb1 32.Kd1 Ra1 33.Kc2 Rxa4 34.Rxf6 a5 35.Re6 Re4 36.f4  1-0

[Event "Budapest"]
[Site "Budapest"]
[Date "1997.??.??"]
[Round "8"]
[White "Murzin, Lenar"]
[Black "Farago, Sandor"]
[Result "1/2-1/2"]
[WhiteElo "2320"]
[BlackElo "2255"]

1.Nf3 c5 2.e4 d6 3.Bb5+ Nd7 4.d4 cxd4 5.Nxd4 Nf6 6.Nc3 g6 7.f4 Qc7 8.Qe2 a6
9.e5 Nh5 10.e6 axb5 11.Nd5 Qc5 12.Nxb5 Kd8 13.c4 Nhf6 14.exd7 Bxd7 15.Be3 Qc6
16.Bb6+ Kc8 17.Na7+ Rxa7 18.Bxa7 Nxd5 19.cxd5 Qxd5 20.O-O Bc6 21.Rfd1 Qf5
22.Bd4 f6 23.b4 Kd7 24.a4 Bh6 25.b5 Be4 26.Be3 Bxf4 27.Bxf4 Qxf4 28.Rdc1 f5
29.a5 Qe5 30.a6 bxa6 31.bxa6 Ke6 32.a7 Kf6 33.Qf2 Ra8 34.Ra4 d5 35.h3 f4
36.Rca1 Kf7 37.Ra6 Qg5 38.Rb6 Qe5 39.Ra4 g5 40.Qb2 Qc7 41.Rb7 Qc5+ 42.Qf2 d4
43.Rbb4 Rxa7 44.Rc4 Qb6 45.Rcb4 Qc5 46.Rc4 Qb6 47.Rcb4 Qc5  1/2-1/2